00703 2200265 4500001002100000005001700021008004100038020001800079035002400097090001500121100001900136245005800155250001000213260004000223300003000263500002700293650002000320700001900340850001500359980001500374985000600389986001200395999001500407999001500422YOGYA-0209000003745720090227025244.0 ind  a979-709-010-8 0010-020900000037457 a813bBra S aBRATA, Suparto aSaksi matacSuparto Brata ; penyunting, Kenedi Nurhan aCet.1 aJakartabPenerbit Buku Kompasc2002 axii, 434 hlmbilusc21 cm aBibliografi : hlm. 434 aFiksi Indonesia aNurhan, Kenedi aYOPDYOG(M) a04-27-2006 a2 aMrrtrev a05B0011357 a05B0011358